000 00766nam0a22002411 4500
001 rc\744530
005 20040301142133.9
035 _a(NLR Aleph) 006273553
090 _a6975254
_c6975254
100 _a20040301d1985 u |0rusy50 ca
101 0 _arus
102 _aRU
105 _ay |||||||||
200 1 _aЛео Киачели
_eКритико-биогр. очерк
_fПер. с груз. Л. Платоновой, Л. Бегизова
210 _aТбилиси
_cМерани
_d1985
215 _a179, [2] с.
_d21
600 1 _aКиачели
_bЛ.
_gЛео
_2psbo
700 1 _aТопуриа
_bА. С.
_gАкакий Сардионович
801 0 _aRU
_bNLR
_gpsbo
801 1 _aRU
_bELAR
_2rusmarc
852 _aNLR
_j85-3/14104
942 _cBOOK
980 _aNB